000 00549nam a2200205Ia 4500
005 20250508165052.0
008 008 250505s9999 xx 000 0 hin d
037 _aTextual
040 _aFEDL
_beng
_cFEDL
041 _ahin
_2hin
084 _a891.433, OTC
_qFEDL
100 _aOtcenasek Jan
_9407985
245 0 _aRomeo Juliet aur andhera
260 _aNew Delhi, India
_bRajkamal Prakashan
_c1984
300 _a160p.
365 _aINR
_b25
546 _aMACESE
942 _cTEXL
_h891.433, OTC
999 _c1392960
_d1392960